00282 a2200121 4500082002100000100001900021245005100040250000800091260000800099300001500107500002100122505001700143 a629.13252019 PAM aPamela S Tsang aPrinciples and Practice of Aviation Psychology a1st aUSA axxviii 596 aDOS BS Textbooks aGifted Books